Famous Australians - Sudden Death - Statistics

General Stats
  • This quiz has been taken 226 times
  • The average score is 8 of 15
Answers on the Grid
Answers color-coded by a green-red scale on the quiz's grid according to % correct below.
Baz Luhrmann
Belinda Carlisle
Cathy Freeman
Chico Marx
Chris Hemsworth
David Attenborough
Errol Flynn
Francis Drake
Gina Rinehart
Howard Stern
James Cook
Jon Bon Jovi
Keith Urban
Kyle Sandilands
Kylie Minogue
Lorde
Michael J. Fox
Miranda Kerr
Ned Kelly
Olivia Newton-John
Richard Branson
Ricky Gervais
Roald Dahl
Robert Irwin
Salman Rushdie
Shane Warne
Simon Baker
Spike Lee
Tony Abbott
Tony Blair
 
Answer Stats
Answer % Correct
Chris Hemsworth
88%
Kylie Minogue
74%
Keith Urban
66%
Olivia Newton-John
66%
Baz Luhrmann
61%
Cathy Freeman
60%
Robert Irwin
56%
Shane Warne
51%
Errol Flynn
48%
Ned Kelly
48%
Tony Abbott
48%
Miranda Kerr
45%
Gina Rinehart
43%
Kyle Sandilands
43%
Simon Baker
35%
No matching quizzes found
Score Distribution
Percent of People with Each Score
Percentile by Number Answered
Your Score History
You have not taken this quiz